000 00860nas a2200265 4500
001 BR0703600
003 BR-BrBNA
005 20231205110908.0
007 ta
008 230509b bl.|||p| |||| 00| 00por d
040 _aBR-BrBNA
_bpor
_cBiblioteca Nacional de Agricultura
041 _a(Pt)
072 _aH20
100 1 _aCasa, R.T.
100 1 _aReis, E.M.
100 1 _aZambolim, L.
100 1 _aMoreira, E.N.
245 1 _aEfeito da temperatura e de regimes de luz no crescimento do micélio, germinação de conídios e esporulação de Stenocarpella macrospora e Stenocarpella maydis
650 _aFUNGO
650 _aMICÉLIO
650 _aESPORULAÇÃO
773 0 _tFitopatologia Brasileira (Brazil)
_xISSN 0100-4158
_g(Mar-Apr 2007), v. 32(2) p. 137-142
_wBR0703600
909 _a202311
_bLúcia
_c55
_dLúcia Elande
942 _2AGRIS
_n0
_cANA
999 _c189643
_d189643